000 00207 a2200097 4500
001 30091
100 _aEadie
245 _aMinicomputer theory and operation
260 _a
_bReston
_c
090 _c20042
_d20042
942 _aNUST-CAE
_cM
_c11162
999 _c265164
_d265164